[Event "Rheinland-ch H2"]
[Site "Mainz Laubenheim"]
[Date "2002.03.29"]
[Round "5.5"]
[White "Asadi, Nawid"]
[Black "Kuenitz, Antonio"]
[Result "1-0"]
[WhiteElo "1072"]
[BlackElo "975"]
[PlyCount "71"]
[EventDate "2002.03.23"]
[EventType "swiss"]
[EventRounds "7"]
[EventCountry "GER"]
[SourceTitle "EXT 2003"]
[Source "ChessBase"]
[SourceDate "2002.11.25"]
[SourceVersion "1"]
[SourceVersionDate "2002.11.25"]
[SourceQuality "1"]

1. e4 e5 2. Nf3 Nc6 3. Bc4 Qe7 4. d3 Nf6 5. Ng5 d5 6. exd5 Nxd5 7. Bxd5 Be6 8. Bxc6+ bxc6 9. Nxe6 Qxe6 10. Nc3 Bb4 11. Bd2 Bxc3 12. Bxc3 e4 13. Qe2 exd3 14. Qxe6+ fxe6 15. cxd3 0-0 16. 0-0 Rad8 17. Rad1 c5 18. d4 Rf5 19. dxc5 Rxd1 20. Rxd1 Rxc5 21. h3 Rd5 22. Rxd5 exd5 23. Bd4 a6 24. Kf1 Kf7 25. Ke2 g6 26. b4 c6 27. Kf3 Ke6 28. Kf4 h6 29. h4 Kf7 30. Ke5 Ke7 31. Bc5+ Kf7 32. Kd6 g5 33. hxg5 hxg5 34. Kxc6 g4 35. Kxd5 Kf6 36. Kc6 1-0

[Event "SJRH-ch U14"]
[Site "Mainz"]
[Date "2002.01.02"]
[Round "1"]
[White "Kuenitz, Antonio"]
[Black "Gaubatz, Sven Marc"]
[Result "0-1"]
[WhiteElo "980"]
[BlackElo "1379"]
[PlyCount "92"]
[EventDate "2002.01.02"]
[EventType "swiss"]
[EventRounds "7"]
[EventCountry "GER"]
[SourceTitle "EXT 2003"]
[Source "ChessBase"]
[SourceDate "2002.11.25"]
[SourceVersion "1"]
[SourceVersionDate "2002.11.25"]
[SourceQuality "1"]

1. d4 Nf6 2. Nf3 d5 3. Nc3 Bg4 4. Bg5 Nbd7 5. Qd3 c6 6. h3 Bxf3 7. Qxf3 g6 8. Bxf6 Nxf6 9. e4 dxe4 10. Nxe4 Nxe4 11. Qxe4 Bg7 12. c3 0-0 13. Bd3 Re8 14. 0-0 e5 15. g3 exd4 16. Qh4 Qxh4 17. gxh4 dxc3 18. bxc3 Bxc3 19. Rab1 Re7 20. Rbc1 Bf6 21. Rfe1 Bxh4 22. Rxe7 Bxe7 23. Re1 Kf8 24. Rb1 b6 25. Be4 Rc8 26. Rc1 c5 27. Bb7 Rc7 28. Bf3 Bg5 29. Rd1 Ke8 30. Re1+ Re7 31. Bc6+ Kf8 32. Rxe7 Kxe7 33. Kg2 c4 34. Kg3 c3 35. Ba4 b5 36. Bc2 b4 37. Kg4 h6 38. h4 Bd2 39. h5 gxh5+ 40. Kxh5 Be1 41. f4 Bd2 42. Kg4 f6 43. Kf5 h5 44. Kg6 h4 45. Kh5 h3 46. Kh4 h2 0-1

[Event "SJRH-ch U14"]
[Site "Worms"]
[Date "2001.01.02"]
[Round "3"]
[White "Galbraith, Martin"]
[Black "Kuenitz, Antonio"]
[Result "1-0"]
[WhiteElo "1531"]
[BlackElo "582"]
[PlyCount "97"]
[EventDate "2001.02.??"]
[EventType "swiss"]
[EventRounds "7"]
[EventCountry "GER"]
[SourceTitle "EXT 2003"]
[Source "ChessBase"]
[SourceDate "2002.11.25"]
[SourceVersion "1"]
[SourceVersionDate "2002.11.25"]
[SourceQuality "1"]

1. d4 d5 2. Nf3 Nf6 3. c4 e6 4. Nc3 c6 5. Bg5 Be7 6. e3 0-0 7. Bd3 Bd7 8. Qc2 Qe8 9. Bxf6 Bxf6 10. Bxh7+ Kh8 11. Bd3 Qe7 12. cxd5 exd5 13. Qb3 Be6 14. 0-0 Rd8 15. Rab1 Kg8 16. Qc2 Kf8 17. b4 Bg4 18. Nd2 Nd7 19. a4 Qd6 20. Be2 Be6 21. Rfc1 Qc7 22. b5 Be7 23. bxc6 bxc6 24. Nb5 Qb8 25. Qxc6 Rc8 26. Qxc8+ Qxc8 27. Rxc8+ Rxc8 28. Bd3 a6 29. h3 axb5 30. Bxb5 Bf5 31. Rf1 Rc2 32. Nf3 f6 33. g4 Be6 34. Ra1 Nb6 35. Ne1 Rc8 36. Nd3 f5 37. Nf4 Bf7 38. gxf5 Rc2 39. a5 Bb4 40. axb6 Bc3 41. Ra8+ Ke7 42. b7 Rc1+ 43. Kg2 Kf6 44. b8Q Rb1 45. Qe5+ Kg5 46. Ne6+ Bxe6 47. fxe6+ Kh6 48. Rh8+ Kg6 49. Be8# 1-0